Half the battle (Record no. 45088)
[ view plain ]
| 000 -LEADER | |
|---|---|
| fixed length control field | 01395nam a2200325 a 4500 |
| 082 04 - DEWEY DECIMAL CLASSIFICATION NUMBER | |
| Classification number | 940.53/41 |
| 100 1# - MAIN ENTRY--AUTHOR NAME | |
| Personal name | Mackay, Robert, |
| 245 10 - TITLE STATEMENT | |
| Title | Half the battle |
| 260 ## - PUBLICATION, DISTRIBUTION, ETC. (IMPRINT) | |
| Place of publication | Manchester ; |
| -- | New York : |
| Name of publisher | Manchester University Press : |
| -- | Distributed in the U.S.A. by Palgrave, |
| Year of publication | 2002. |
| 300 ## - PHYSICAL DESCRIPTION | |
| Number of Pages | vi, 282 p. |
| 650 #0 - SUBJECT ADDED ENTRY--TOPICAL TERM | |
| Topical Term | World War, 1939-1945 |
| Topical Term | World War, 1939-1945 |
| 856 40 - ELECTRONIC LOCATION AND ACCESS | |
| Uniform Resource Identifier | http://site.ebrary.com/lib/rucke/Doc?id=10074859 |
No items available.
